00141 a2200073 45000010005000001000015000052450026000202600021000463680 aHasan, K S aChina, India Pakistan abPak Inst Intc